Word Ladder: 'Siamese' Countries Quiz Stats

 Plays Quiz Updated Feb 9, 2013

Support Sporcle.
Go Orange.
Score 0/19 Timer 05:00
0 Plays Today
Hint #1 Answer #1 - #2 % Correct
웃 Country formerly known as Siam 웃♢ THAI - LAND ♢
87%
Not thisTHAT - LEND
81.8%
Twain, Wahlberg or Knopfler MARK - GRAD
76.5%
____ Blanchett, Aussie actressCATE - ROOM
69.4%
'The ____ Side of the Moon', Pink Floyd albumDARK - GOAD
63.7%
Web-, archaeological or constructionSITE - BOOS
61.1%
Challenge jokinglyDARE - GOOD
61.1%
Rooney ____, 'The Girl with the Dragon Tattoo'MARA - GRAY
59.8%
웃 Landlocked South American country 웃♢ PARA - GUAY ♢
58.6%
Quote with authorityCITE - BOOM
58.4%
Hint #1 Answer #1 - #2 % Correct
Moss used in gardeningPEAT - LEAR
57.9%
Apple's iPhone assistantSIRI - BATS
57.4%
Helen Mirren, Judi Dench or Shirley BasseyDAME - GOON
56.9%
웃 African country with an Atlantic coast 웃♢ CAME - ROON ♢
55%
Father an heirSIRE - BOTS
53.9%
Pretty hot and temptingPHAT - LEAD
52%
Trim and stylishPERT - GEAR
36.2%
'____ and parcel', idiomPART - GUAR
34%
웃 Equatorial Pacific island country 웃♢ KIRI - BATI ♢
30.7%

Today's Daily Dose

You're not logged in!

Compare scores with friends on all Sporcle quizzes.
OR
Log In

From the Vault

Vocabulary Blitz XLIV

by iglew

Better be quick, the timer goes fast on this one!
Remove Ads.
Support Sporcle.
Get the best of Sporcle when you Go Orange. This ad-free experience offers more features, more stats, and more fun while also helping to support Sporcle. Thank you for becoming a member.

Show Comments

Extras

Top Quizzes Today


Score Distribution

Your Account Isn't Verified!

In order to create a playlist on Sporcle, you need to verify the email address you used during registration. Go to your Sporcle Settings to finish the process.

Report this User

Report this user for behavior that violates our Community Guidelines.

Details: